| 000 | 01206nab a22002537a 4500 | ||
|---|---|---|---|
| 999 |
_c5343 _d5343 |
||
| 003 | OSt | ||
| 005 | 20250223232816.0 | ||
| 008 | 190603e xxum|||| |||| 00| 0 spa d | ||
| 040 | _cPJ | ||
| 100 |
_94622 _aBosch Madariaga (h.), Alejandro F. |
||
| 245 | 1 | 3 |
_aDerecho de comunicación entre abuelos y nietos o cuidado personal : _bconfusión de conceptos / _cBosch Madariaga (h.), Alejandro F. |
| 260 |
_cCiudad Autónoma de Buenos Aires : _aThomson Reuters La Ley, _b2023. |
||
| 300 | _ap. 153-159 | ||
| 500 | _aCita Online: TR LALEY AR/DOC/2729/2023. | ||
| 505 | _a Sumario: I. Introducción.— II. El fallo.— III. Comentario. | ||
| 505 | _tFallo comentado: CNCiv., sala C ~ 10/05/2023 ~ B., C. A. I. y otro c. E. A., E. M. s/ cuidado personal de los hijos. | ||
| 505 | _t¿Te interesa el texto completo? Solicitalo al correo: koha@justierradelfuego.gov.ar | ||
| 650 | 0 |
_9967 _aDERECHO DE FAMILIA |
|
| 650 | 0 |
_91015 _aRESPONSABILIDAD PARENTAL |
|
| 650 | 0 |
_93829 _aABUELOS |
|
| 650 | 0 |
_92532 _aDOCTRINA DE LOS ACTOS PROPIOS |
|
| 773 | 0 |
_02713 _93170 _dCiudad Autónoma de Buenos Aires : Thomson Reuters La Ley, 2015- _tRevista Código Civil y Comercial. Nº 6 - Diciembre 2023 |
|
| 942 |
_2udc _cANA |
||